[Event "World Youth & Cadets Blitz Championships"]
[Site "Rhodes, Greece"]
[Date "2022.05.03"]
[Round "4.22"]
[White "Gibala, Adam"]
[Black "Negrean, Andrei"]
[Result "1/2-1/2"]
[TimeControl "5'/game & 2\"/move"]
[WhiteElo "1501"]
[BlackElo "1862"]

1. d4 {[%clk 00:05:03]} {[%emt 00:00:01]} Nf6 {[%clk 00:05:03]} {[%emt
00:00:01]} 2. c4 {[%clk 00:05:04]} e6 {[%clk 00:05:04]} 3. Nf3 {[%clk
00:05:00]} {[%emt 00:00:06]} d5 {[%clk 00:05:03]} {[%emt 00:00:03]} 4. g3
{[%clk 00:05:01]} Bb4+ {[%clk 00:05:01]} {[%emt 00:00:04]} 5. Bd2 {[%clk
00:05:03]} {[%emt 00:00:01]} Be7 {[%clk 00:05:00]} {[%emt 00:00:02]} 6. Bg2
{[%clk 00:05:02]} {[%emt 00:00:03]} O-O {[%clk 00:04:59]} {[%emt 00:00:03]} 7.
O-O {[%clk 00:05:01]} {[%emt 00:00:02]} c6 {[%clk 00:04:40]} {[%emt 00:00:22]}
8. Bc3 {[%clk 00:05:00]} {[%emt 00:00:03]} dxc4 {[%clk 00:04:06]} {[%emt
00:00:36]} 9. Ne5 {[%clk 00:05:01]} Nd5 {[%clk 00:04:07]} {[%emt 00:00:01]} 10.
Nxc4 {[%clk 00:04:59]} {[%emt 00:00:04]} Nd7 {[%clk 00:04:01]} {[%emt
00:00:07]} 11. e4 {[%clk 00:04:59]} {[%emt 00:00:01]} Nxc3 {[%clk 00:03:56]}
{[%emt 00:00:07]} 12. Nxc3 {[%clk 00:04:57]} {[%emt 00:00:04]} Nf6 {[%clk
00:03:56]} {[%emt 00:00:03]} 13. e5 {[%clk 00:04:49]} {[%emt 00:00:10]} Nd5
{[%clk 00:03:56]} {[%emt 00:00:01]} 14. Nxd5 {[%clk 00:04:50]} {[%emt
00:00:02]} cxd5 {[%clk 00:03:45]} {[%emt 00:00:13]} 15. Ne3 {[%clk 00:04:50]}
{[%emt 00:00:02]} Bd7 {[%clk 00:03:40]} {[%emt 00:00:07]} 16. Qb3 {[%clk
00:04:44]} {[%emt 00:00:08]} Qb6 {[%clk 00:03:37]} {[%emt 00:00:05]} 17. Qxb6
{[%clk 00:04:44]} {[%emt 00:00:03]} axb6 {[%clk 00:03:38]} 18. Rfc1 {[%clk
00:04:36]} {[%emt 00:00:10]} Rfc8 {[%clk 00:03:34]} {[%emt 00:00:06]} 19. a3
{[%clk 00:04:37]} {[%emt 00:00:02]} b5 {[%clk 00:03:27]} {[%emt 00:00:09]} 20.
Nc2 {[%clk 00:04:09]} {[%emt 00:00:29]} Ra4 {[%clk 00:02:52]} {[%emt 00:00:36]}
21. Bf1 {[%clk 00:04:00]} {[%emt 00:00:09]} Bc6 {[%clk 00:01:56]} {[%emt
00:01:00]} 22. b3 {[%clk 00:03:52]} {[%emt 00:00:11]} Ra7 {[%clk 00:01:48]}
{[%emt 00:00:08]} 23. Nb4 {[%clk 00:03:29]} {[%emt 00:00:27]} Bxb4 {[%clk
00:01:11]} {[%emt 00:00:39]} 24. axb4 {[%clk 00:03:30]} {[%emt 00:00:02]} Raa8
{[%clk 00:00:11]} {[%emt 00:01:01]} 25. Rxa8 {[%clk 00:03:30]} {[%emt
00:00:02]} Rxa8 {[%clk 00:00:13]} 26. Rc5 {[%clk 00:03:30]} {[%emt 00:00:02]}
Ra1 {[%clk 00:00:09]} {[%emt 00:00:06]} 27. Kg2 {[%clk 00:03:31]} {[%emt
00:00:02]} Ra6 {[%clk 00:00:04]} {[%emt 00:00:06]} 28. Bxb5 {[%clk 00:03:26]}
{[%emt 00:00:07]} Rb6 {[%clk 00:00:04]} {[%emt 00:00:02]} 29. Bxc6 {[%clk
00:03:26]} {[%emt 00:00:02]} bxc6 {[%clk 00:00:05]} {[%emt 00:00:01]} 30. b5
{[%clk 00:03:24]} {[%emt 00:00:04]} Rxb5 {[%clk 00:00:04]} {[%emt 00:00:04]} 31.
Rxc6 {[%clk 00:03:25]} Kf8 {[%clk 00:00:04]} {[%emt 00:00:02]} 32. Rc3 {[%clk
00:03:22]} {[%emt 00:00:04]} Rb4 {[%clk 00:00:05]} 33. Rd3 {[%clk 00:03:23]} f6
{[%clk 00:00:04]} {[%emt 00:00:03]} 34. f4 {[%clk 00:03:24]} {[%emt 00:00:01]}
fxe5 {[%clk 00:00:03]} {[%emt 00:00:03]} 35. fxe5 {[%clk 00:03:24]} {[%emt
00:00:02]} Ke7 {[%clk 00:00:05]} 36. Kf3 {[%clk 00:03:22]} {[%emt 00:00:02]}
Kf7 {[%clk 00:00:04]} {[%emt 00:00:04]} 37. Ke3 {[%clk 00:03:21]} {[%emt
00:00:02]} Kg6 {[%clk 00:00:05]} {[%emt 00:00:02]} 38. h3 {[%clk 00:03:21]}
{[%emt 00:00:02]} Kf5 {[%clk 00:00:05]} {[%emt 00:00:02]} 39. Rc3 {[%clk
00:03:13]} {[%emt 00:00:10]} Rb7 {[%clk 00:00:05]} {[%emt 00:00:01]} 40. Kf3
{[%clk 00:03:10]} {[%emt 00:00:05]} Rb4 {[%clk 00:00:06]} {[%emt 00:00:03]} 41.
Rd3 {[%clk 00:03:11]} h5 {[%clk 00:00:05]} {[%emt 00:00:02]} 42. g4+ {[%clk
00:02:59]} {[%emt 00:00:14]} Kg5 {[%clk 00:00:05]} {[%emt 00:00:02]} 43. Kg3
{[%clk 00:02:59]} {[%emt 00:00:01]} h4+ {[%emt 00:00:06]} 44. Kf3 {[%clk
00:02:57]} {[%emt 00:00:02]} Rb7 {[%clk 00:00:04]} {[%emt 00:00:02]} 45. Rc3
{[%clk 00:02:56]} {[%emt 00:00:03]} Kg6 {[%clk 00:00:04]} {[%emt 00:00:03]} 46.
Ke3 {[%clk 00:02:53]} {[%emt 00:00:04]} Kf7 {[%clk 00:00:04]} {[%emt 00:00:01]}
47. Kd3 {[%clk 00:02:52]} {[%emt 00:00:03]} g5 {[%clk 00:00:05]} {[%emt
00:00:02]} 48. Kc2 {[%clk 00:02:53]} {[%emt 00:00:01]} Ke7 {[%clk 00:00:05]}
{[%emt 00:00:02]} 49. Rc8 {[%clk 00:02:52]} {[%emt 00:00:03]} Kd7 {[%clk
00:00:04]} {[%emt 00:00:03]} 50. Rh8 {[%clk 00:02:52]} {[%emt 00:00:02]} Kc6
{[%clk 00:00:05]} {[%emt 00:00:02]} 51. Rg8 {[%clk 00:02:50]} {[%emt 00:00:02]}
Rf7 {[%clk 00:00:06]} {[%emt 00:00:02]} 52. Rxg5 {[%clk 00:02:43]} {[%emt
00:00:09]} Rf3 {[%clk 00:00:07]} 53. Rg6 {[%clk 00:02:40]} {[%emt 00:00:04]}
Kd7 {[%clk 00:00:08]} 54. Rg7+ {[%clk 00:02:41]} Ke8 {[%clk 00:00:04]} {[%emt
00:00:05]} 55. Rg6 {[%clk 00:02:42]} {[%emt 00:00:03]} Ke7 {[%clk 00:00:03]}
{[%emt 00:00:02]} 56. Rh6 {[%clk 00:02:32]} {[%emt 00:00:12]} Rxh3 {[%emt
00:00:04]} 57. g5 Rg3 {[%clk 00:00:03]} 58. Rxh4 {[%clk 00:02:33]} {[%emt
00:00:02]} Rxg5 {[%clk 00:00:05]} 59. Kb2 {[%clk 00:02:34]} {[%emt 00:00:02]}
Rg3 {[%clk 00:00:05]} {[%emt 00:00:02]} 60. Ka3 {[%clk 00:02:35]} {[%emt
00:00:01]} Kd7 {[%clk 00:00:05]} 61. Ka4 {[%clk 00:02:36]} {[%emt 00:00:01]}
Rd3 {[%clk 00:00:06]} {[%emt 00:00:02]} 62. b4 {[%clk 00:02:37]} {[%emt
00:00:02]} Kc6 {[%clk 00:00:06]} 63. Rh6 {[%clk 00:02:31]} {[%emt 00:00:07]}
Kd7 {[%clk 00:00:07]} {[%emt 00:00:02]} 64. Rh7+ {[%clk 00:02:32]} Kd8 {[%clk
00:00:06]} {[%emt 00:00:03]} 65. Kb5 {[%clk 00:02:31]} {[%emt 00:00:03]} Rxd4
{[%clk 00:00:07]} {[%emt 00:00:02]} 66. Kc5 {[%clk 00:02:32]} Rc4+ {[%clk
00:00:08]} 67. Kd6 {[%clk 00:02:31]} {[%emt 00:00:03]} Kc8 {[%clk 00:00:07]}
{[%emt 00:00:03]} 68. Kxe6 {[%clk 00:02:32]} {[%emt 00:00:02]} Rxb4 {[%clk
00:00:08]} {[%emt 00:00:01]} 69. Kd6 {[%clk 00:02:32]} {[%emt 00:00:02]} Rb6+
{[%clk 00:00:08]} {[%emt 00:00:03]} 70. Kxd5 {[%clk 00:02:33]} Kd8 {[%clk
00:00:06]} {[%emt 00:00:04]} 71. Rh8+ {[%clk 00:02:29]} {[%emt 00:00:05]} Ke7
{[%clk 00:00:07]} 72. Rh7+ {[%clk 00:02:30]} {[%emt 00:00:02]} 1/2-1/2

[Event "World Youth & Cadets Blitz Championships"]
[Site "Rhodes, Greece"]
[Date "2022.05.03"]
[Round "4.23"]
[White "Pawlicz, Filip"]
[Black "Hanache, Kai"]
[Result "0-1"]
[TimeControl "5'/game & 2\"/move"]
[WhiteElo "1385"]
[BlackElo "1644"]

1. e4 {[%clk 00:05:03]} e5 {[%clk 00:05:03]} {[%emt 00:00:01]} 2. Nf3 {[%clk
00:05:04]} Nc6 {[%clk 00:05:05]} 3. Bb5 {[%clk 00:05:04]} {[%emt 00:00:03]} Nf6
{[%clk 00:05:05]} 4. Qe2 {[%clk 00:05:05]} {[%emt 00:00:03]} a6 {[%clk
00:05:04]} 5. Ba4 {[%clk 00:05:06]} {[%emt 00:00:05]} b5 {[%clk 00:05:03]} 6.
Bb3 {[%clk 00:05:07]} {[%emt 00:00:04]} Bb7 {[%clk 00:05:04]} 7. c3 {[%clk
00:05:02]} {[%emt 00:00:08]} Bc5 {[%clk 00:05:03]} 8. a4 {[%clk 00:05:01]}
{[%emt 00:00:06]} O-O {[%clk 00:05:03]} 9. O-O {[%clk 00:04:58]} {[%emt
00:00:06]} d6 {[%clk 00:04:58]} 10. Rd1 {[%clk 00:04:43]} {[%emt 00:00:25]} Na5
{[%emt 00:00:12]} 11. Bc2 {[%clk 00:04:43]} Nc4 {[%emt 00:00:17]} 12. d3 {[%clk
00:04:39]} {[%emt 00:00:05]} Nb6 {[%clk 00:04:22]} {[%emt 00:00:16]} 13. a5
{[%clk 00:04:34]} {[%emt 00:00:07]} Nbd7 {[%clk 00:04:20]} {[%emt 00:00:04]} 14.
d4 {[%clk 00:04:27]} {[%emt 00:00:08]} exd4 {[%clk 00:04:15]} {[%emt 00:00:07]}
15. cxd4 {[%clk 00:04:28]} {[%emt 00:00:02]} Ba7 {[%clk 00:04:16]} 16. Bg5
{[%clk 00:04:05]} {[%emt 00:00:24]} Re8 {[%clk 00:04:15]} 17. e5 {[%clk
00:03:39]} {[%emt 00:00:31]} dxe5 {[%clk 00:04:14]} {[%emt 00:00:03]} 18. dxe5
{[%clk 00:03:39]} {[%emt 00:00:02]} Bxf3 {[%clk 00:04:14]} {[%emt 00:00:02]} 19.
Qxf3 {[%clk 00:03:38]} {[%emt 00:00:03]} Nxe5 {[%emt 00:00:24]} 20. Qg3 Qe7
{[%clk 00:03:51]} {[%emt 00:00:17]} 21. Re1 {[%clk 00:03:23]} {[%emt 00:00:05]}
Nf3+ {[%clk 00:03:47]} {[%emt 00:00:07]} 22. gxf3 {[%clk 00:03:19]} {[%emt
00:00:06]} Qxe1+ {[%clk 00:03:47]} {[%emt 00:00:02]} 23. Kg2 {[%clk 00:03:20]}
Bxf2 {[%clk 00:03:47]} {[%emt 00:00:02]} 24. Qxc7 {[%clk 00:02:54]} {[%emt
00:00:27]} Qg1+ {[%clk 00:03:46]} {[%emt 00:00:05]} 25. Kh3 {[%clk 00:02:54]}
Qf1# {[%clk 00:03:44]} {[%emt 00:00:02]} 0-1

[Event "World Youth & Cadets Blitz Championships"]
[Site "Rhodes, Greece"]
[Date "2022.05.03"]
[Round "4.24"]
[White "Gabadadze, Gabriel"]
[Black "Sofronie, Vladimir"]
[Result "1-0"]
[TimeControl "5'/game & 2\"/move"]
[WhiteElo "1254"]
[BlackElo "1428"]

1. e4 {[%clk 00:05:04]} g6 {[%clk 00:05:03]} {[%emt 00:00:01]} 2. d4 {[%clk
00:05:05]} Bg7 {[%clk 00:05:04]} 3. Nc3 {[%clk 00:05:06]} {[%emt 00:00:01]} d6
{[%clk 00:05:05]} 4. h4 {[%clk 00:05:06]} {[%emt 00:00:01]} h5 {[%clk
00:05:00]} {[%emt 00:00:07]} 5. Bg5 {[%clk 00:05:02]} {[%emt 00:00:06]} Nf6
{[%clk 00:04:46]} {[%emt 00:00:16]} 6. Qd2 {[%clk 00:05:00]} {[%emt 00:00:04]}
Nbd7 {[%clk 00:04:42]} {[%emt 00:00:04]} 7. O-O-O {[%clk 00:04:51]} {[%emt
00:00:13]} c5 {[%clk 00:04:43]} {[%emt 00:00:01]} 8. dxc5 {[%clk 00:04:05]}
{[%emt 00:00:49]} Nxc5 {[%clk 00:04:33]} {[%emt 00:00:11]} 9. Bb5+ {[%clk
00:03:44]} {[%emt 00:00:22]} Bd7 {[%clk 00:04:28]} {[%emt 00:00:07]} 10. Bxd7+
{[%clk 00:03:42]} {[%emt 00:00:04]} Qxd7 {[%clk 00:04:25]} {[%emt 00:00:05]} 11.
f3 {[%emt 00:00:08]} O-O-O {[%clk 00:04:14]} {[%emt 00:00:11]} 12. Nge2 {[%clk
00:03:25]} {[%emt 00:00:15]} Kb8 {[%clk 00:04:14]} {[%emt 00:00:02]} 13. Nd4
{[%clk 00:03:21]} {[%emt 00:00:07]} Rc8 {[%clk 00:04:08]} {[%emt 00:00:08]} 14.
Rhe1 {[%clk 00:03:01]} {[%emt 00:00:21]} Rhd8 {[%clk 00:04:05]} {[%emt
00:00:05]} 15. Kb1 {[%clk 00:03:00]} {[%emt 00:00:04]} a6 {[%clk 00:03:59]}
{[%emt 00:00:09]} 16. Nd5 {[%clk 00:02:37]} {[%emt 00:00:23]} Nxd5 {[%clk
00:03:54]} {[%emt 00:00:08]} 17. exd5 {[%clk 00:02:37]} {[%emt 00:00:02]} Bxd4
{[%clk 00:03:45]} {[%emt 00:00:11]} 18. Qxd4 {[%clk 00:02:36]} {[%emt
00:00:03]} f6 {[%clk 00:03:46]} 19. Bc1 {[%clk 00:02:28]} {[%emt 00:00:09]} Qf5
{[%clk 00:03:19]} {[%emt 00:00:30]} 20. g4 {[%clk 00:01:24]} {[%emt 00:01:07]}
Qd7 {[%clk 00:03:04]} {[%emt 00:00:16]} 21. gxh5 {[%clk 00:01:16]} {[%emt
00:00:10]} gxh5 {[%clk 00:03:05]} 22. Qe3 {[%clk 00:01:10]} {[%emt 00:00:07]}
Re8 {[%clk 00:03:05]} {[%emt 00:00:03]} 23. b3 {[%clk 00:00:57]} {[%emt
00:00:15]} Qc7 {[%clk 00:03:02]} {[%emt 00:00:04]} 24. Bb2 {[%clk 00:00:49]}
{[%emt 00:00:10]} Nd7 {[%clk 00:03:02]} {[%emt 00:00:03]} 25. c4 {[%clk
00:00:47]} {[%emt 00:00:05]} Ne5 {[%clk 00:02:55]} {[%emt 00:00:08]} 26. Bxe5
{[%clk 00:00:43]} {[%emt 00:00:06]} fxe5 {[%clk 00:02:55]} {[%emt 00:00:02]} 27.
Kb2 {[%clk 00:00:44]} {[%emt 00:00:01]} Qa5 {[%clk 00:02:53]} {[%emt 00:00:04]}
28. Rg1 {[%clk 00:00:38]} {[%emt 00:00:08]} b5 {[%clk 00:02:53]} {[%emt
00:00:03]} 29. cxb5 {[%clk 00:00:25]} {[%emt 00:00:14]} axb5 {[%clk 00:02:54]}
30. Qd2 {[%clk 00:00:25]} {[%emt 00:00:02]} b4 {[%clk 00:02:54]} {[%emt
00:00:02]} 31. Rc1 {[%clk 00:00:20]} {[%emt 00:00:06]} Rc5 {[%clk 00:02:30]}
{[%emt 00:00:26]} 32. Rxc5 {[%clk 00:00:17]} {[%emt 00:00:07]} Qxc5 {[%clk
00:02:29]} {[%emt 00:00:02]} 33. Rc1 {[%clk 00:00:17]} {[%emt 00:00:02]} Qb5
{[%clk 00:02:26]} {[%emt 00:00:03]} 34. Qc2 {[%clk 00:00:10]} {[%emt 00:00:11]}
Qb7 {[%clk 00:02:24]} {[%emt 00:00:04]} 35. Qd3 {[%clk 00:00:08]} {[%emt
00:00:04]} Rg8 {[%clk 00:02:18]} {[%emt 00:00:09]} 36. Rc2 {[%clk 00:00:06]}
{[%emt 00:00:04]} Rg3 {[%clk 00:02:10]} {[%emt 00:00:09]} 37. Qf5 {[%clk
00:00:05]} {[%emt 00:00:03]} Rg1 {[%clk 00:02:01]} {[%emt 00:00:10]} 38. Qf8+
{[%clk 00:00:04]} {[%emt 00:00:04]} Ka7 {[%clk 00:02:02]} 39. Qd8 {[%clk
00:00:05]} {[%emt 00:00:01]} Qb6 {[%clk 00:01:34]} {[%emt 00:00:30]} 40. Rc7+
{[%clk 00:00:05]} {[%emt 00:00:02]} Ka6 {[%clk 00:01:31]} {[%emt 00:00:05]} 41.
Rc6 {[%clk 00:00:03]} {[%emt 00:00:03]} Rg2+ {[%clk 00:01:30]} {[%emt
00:00:03]} 42. Kc1 {[%clk 00:00:03]} {[%emt 00:00:03]} Rg1+ {[%clk 00:01:28]}
{[%emt 00:00:03]} 43. Kd2 {[%clk 00:00:04]} {[%emt 00:00:02]} Rg2+ {[%clk
00:01:29]} {[%emt 00:00:01]} 44. Kd3 {[%clk 00:00:05]} e4+ {[%clk 00:01:22]}
{[%emt 00:00:09]} 45. Kxe4 {[%clk 00:00:05]} {[%emt 00:00:02]} Re2+ {[%clk
00:01:22]} {[%emt 00:00:02]} 1-0

[Event "World Youth & Cadets Blitz Championships"]
[Site "Rhodes, Greece"]
[Date "2022.05.03"]
[Round "4.25"]
[White "Mansurov, Yusuf"]
[Black "Shilon Rahav, Eliran"]
[Result "0-1"]
[TimeControl "5'/game & 2\"/move"]
[WhiteElo "1848"]
[BlackElo "1338"]

1. e4 {[%clk 00:05:03]} c5 {[%clk 00:05:03]} {[%emt 00:00:01]} 2. c3 {[%clk
00:05:04]} g6 {[%clk 00:05:04]} {[%emt 00:00:01]} 3. d4 {[%clk 00:05:04]}
{[%emt 00:00:03]} cxd4 {[%clk 00:05:05]} 4. cxd4 {[%clk 00:05:05]} d5 {[%clk
00:05:06]} {[%emt 00:00:01]} 5. e5 {[%clk 00:05:04]} {[%emt 00:00:02]} Nc6
{[%clk 00:05:07]} 6. Bb5 {[%clk 00:05:02]} {[%emt 00:00:05]} Bg7 {[%clk
00:04:59]} 7. h3 {[%clk 00:04:56]} {[%emt 00:00:19]} Bd7 {[%clk 00:04:54]} 8.
Nc3 {[%clk 00:04:55]} {[%emt 00:00:09]} e6 {[%clk 00:04:55]} 9. Nf3 {[%clk
00:04:54]} {[%emt 00:00:04]} h6 {[%clk 00:04:52]} 10. O-O {[%clk 00:04:54]}
Nge7 {[%clk 00:04:52]} 11. Bf4 {[%clk 00:04:26]} {[%emt 00:00:39]} O-O {[%clk
00:04:50]} 12. Qd2 {[%clk 00:04:22]} {[%emt 00:00:10]} Kh7 {[%clk 00:04:49]} 13.
Rac1 {[%clk 00:04:02]} {[%emt 00:00:24]} Rc8 {[%clk 00:04:28]} 14. Rfd1 {[%clk
00:03:46]} {[%emt 00:00:41]} a6 {[%emt 00:00:12]} 15. Bd3 {[%clk 00:03:32]}
{[%emt 00:00:12]} b5 {[%clk 00:04:09]} {[%emt 00:00:16]} 16. a3 {[%clk
00:03:19]} {[%emt 00:00:15]} Nf5 {[%clk 00:03:42]} {[%emt 00:00:29]} 17. Bxf5
{[%clk 00:02:54]} {[%emt 00:00:27]} gxf5 {[%clk 00:03:40]} {[%emt 00:00:05]} 18.
Qd3 {[%clk 00:02:38]} {[%emt 00:00:17]} Na5 {[%clk 00:03:26]} {[%emt 00:00:16]}
19. g4 {[%clk 00:02:33]} {[%emt 00:00:07]} Kh8 {[%clk 00:02:05]} {[%emt
00:01:23]} 20. gxf5 {[%clk 00:02:27]} {[%emt 00:00:08]} exf5 {[%clk 00:02:06]}
{[%emt 00:00:02]} 21. Nxd5 {[%clk 00:02:21]} {[%emt 00:00:08]} Bc6 {[%clk
00:01:58]} {[%emt 00:00:10]} 22. Nc3 {[%clk 00:02:17]} {[%emt 00:00:06]} Rg8
{[%clk 00:01:27]} {[%emt 00:00:33]} 23. Kh2 {[%clk 00:02:03]} {[%emt 00:00:15]}
Nb3 {[%emt 00:00:13]} 24. Rb1 {[%clk 00:01:39]} {[%emt 00:00:23]} Bxf3 {[%clk
00:01:12]} {[%emt 00:00:09]} 25. Qxf3 {[%clk 00:01:40]} {[%emt 00:00:02]} Nxd4
{[%clk 00:01:06]} 26. Qe3 {[%clk 00:01:25]} {[%emt 00:00:25]} Qh4 27. Rxd4
{[%clk 00:01:17]} Rge8 {[%clk 00:00:36]} {[%emt 00:00:07]} 28. Bg3 {[%clk
00:01:01]} {[%emt 00:00:41]} Qe7 {[%clk 00:00:27]} {[%emt 00:00:11]} 29. Nd5
{[%clk 00:00:57]} {[%emt 00:00:06]} Qa7 {[%clk 00:00:21]} {[%emt 00:00:07]} 30.
Rd3 {[%clk 00:00:50]} {[%emt 00:00:10]} Qb7 {[%clk 00:00:17]} {[%emt 00:00:05]}
31. Re1 {[%clk 00:00:42]} {[%emt 00:00:11]} Rcd8 {[%clk 00:00:12]} {[%emt
00:00:08]} 32. Nc3 {[%clk 00:00:37]} {[%emt 00:00:06]} Rc8 {[%clk 00:00:09]}
{[%emt 00:00:05]} 33. Nd5 {[%clk 00:00:35]} {[%emt 00:00:05]} Rcd8 {[%clk
00:00:10]} 34. Nc3 {[%clk 00:00:32]} {[%emt 00:00:04]} Rc8 {[%clk 00:00:09]}
{[%emt 00:00:03]} 35. Bf4 {[%clk 00:00:29]} {[%emt 00:00:05]} Rc6 {[%clk
00:00:06]} {[%emt 00:00:05]} 36. Rd5 {[%clk 00:00:25]} {[%emt 00:00:06]} Rxc3
{[%clk 00:00:06]} {[%emt 00:00:02]} 37. bxc3 {[%clk 00:00:22]} Qxd5 {[%clk
00:00:07]} {[%emt 00:00:06]} 38. Kg1 {[%clk 00:00:16]} Qe6 {[%clk 00:00:08]}
{[%emt 00:00:09]} 39. Bg3 {[%emt 00:00:09]} Qg6 {[%clk 00:00:08]} 40. Qf4
{[%clk 00:00:09]} {[%emt 00:00:04]} h5 {[%clk 00:00:07]} {[%emt 00:00:03]} 41.
h4 {[%clk 00:00:10]} Bh6 {[%clk 00:00:08]} 42. Qd4 {[%clk 00:00:08]} {[%emt
00:00:04]} f4 {[%clk 00:00:06]} {[%emt 00:00:03]} 43. e6+ {[%clk 00:00:09]} Kh7
{[%clk 00:00:05]} {[%emt 00:00:03]} 44. Rd1 {[%clk 00:00:07]} {[%emt 00:00:04]}
fxg3 {[%clk 00:00:05]} {[%emt 00:00:02]} 45. exf7 {[%clk 00:00:05]} {[%emt
00:00:04]} gxf2+ {[%clk 00:00:05]} {[%emt 00:00:02]} 46. Kxf2 {[%clk 00:00:06]}
{[%emt 00:00:01]} Qxf7+ {[%clk 00:00:06]} {[%emt 00:00:02]} 47. Kg1 {[%clk
00:00:03]} {[%emt 00:00:03]} Be3+ {[%clk 00:00:07]} {[%emt 00:00:02]} 48. Qxe3
{[%clk 00:00:04]} {[%emt 00:00:01]} Rxe3 {[%clk 00:00:08]} 0-1

[Event "World Youth & Cadets Blitz Championships"]
[Site "Rhodes, Greece"]
[Date "2022.05.03"]
[Round "4.26"]
[White "Zhao, George"]
[Black "Platonovs, Nikolajs"]
[Result "1-0"]
[TimeControl "5'/game & 2\"/move"]
[WhiteElo "1532"]
[BlackElo "1322"]

1. d4 {[%clk 00:05:03]} d5 {[%clk 00:05:01]} {[%emt 00:00:03]} 2. c4 {[%clk
00:05:04]} e6 {[%clk 00:05:03]} 3. g3 {[%clk 00:05:04]} {[%emt 00:00:03]} Nf6
{[%clk 00:05:00]} {[%emt 00:00:04]} 4. Bg2 {[%clk 00:05:05]} Be7 {[%clk
00:04:58]} {[%emt 00:00:04]} 5. Nf3 {[%clk 00:05:05]} {[%emt 00:00:01]} O-O
{[%clk 00:04:55]} {[%emt 00:00:05]} 6. Nbd2 {[%clk 00:05:06]} {[%emt 00:00:01]}
c6 {[%clk 00:04:53]} {[%emt 00:00:04]} 7. O-O {[%clk 00:05:05]} {[%emt
00:00:02]} b6 {[%clk 00:04:52]} {[%emt 00:00:04]} 8. b3 {[%clk 00:05:05]}
{[%emt 00:00:03]} Bb7 {[%clk 00:04:52]} {[%emt 00:00:02]} 9. Bb2 {[%clk
00:05:06]} {[%emt 00:00:01]} Nbd7 {[%clk 00:04:52]} {[%emt 00:00:01]} 10. Rc1
{[%clk 00:05:07]} {[%emt 00:00:02]} Rc8 {[%clk 00:04:53]} 11. Re1 {[%clk
00:05:08]} {[%emt 00:00:01]} dxc4 {[%clk 00:04:28]} {[%emt 00:00:27]} 12. Nxc4
{[%clk 00:05:08]} {[%emt 00:00:02]} c5 {[%clk 00:04:23]} {[%emt 00:00:07]} 13.
e3 {[%clk 00:04:58]} {[%emt 00:00:12]} cxd4 {[%clk 00:03:49]} {[%emt 00:00:35]}
14. exd4 {[%clk 00:04:49]} {[%emt 00:00:11]} Nd5 {[%clk 00:03:43]} {[%emt
00:00:08]} 15. Nce5 {[%clk 00:04:37]} {[%emt 00:00:15]} N7f6 {[%clk 00:03:35]}
{[%emt 00:00:09]} 16. Qe2 {[%clk 00:04:16]} {[%emt 00:00:24]} Qd6 {[%clk
00:03:25]} {[%emt 00:00:12]} 17. Nc4 {[%clk 00:03:53]} {[%emt 00:00:25]} Qb8
{[%clk 00:03:21]} {[%emt 00:00:05]} 18. a3 {[%clk 00:03:45]} {[%emt 00:00:10]}
Rfd8 {[%clk 00:03:00]} {[%emt 00:00:23]} 19. Nce5 {[%clk 00:03:11]} {[%emt
00:00:37]} a6 {[%clk 00:02:43]} {[%emt 00:00:19]} 20. Rc4 {[%clk 00:02:45]}
{[%emt 00:00:28]} b5 {[%clk 00:02:41]} {[%emt 00:00:04]} 21. Rcc1 {[%clk
00:02:37]} {[%emt 00:00:09]} Qa7 {[%clk 00:02:23]} {[%emt 00:00:20]} 22. Ng5
{[%clk 00:02:17]} {[%emt 00:00:23]} Rxc1 {[%clk 00:00:55]} {[%emt 00:01:29]} 23.
Rxc1 {[%clk 00:02:14]} {[%emt 00:00:05]} Rf8 {[%clk 00:00:43]} {[%emt
00:00:15]} 24. Ne4 {[%clk 00:01:47]} {[%emt 00:00:29]} Nxe4 {[%clk 00:00:34]}
{[%emt 00:00:10]} 25. Bxe4 {[%clk 00:01:41]} {[%emt 00:00:08]} Rd8 {[%clk
00:00:08]} {[%emt 00:00:28]} 26. Bxh7+ {[%clk 00:01:08]} {[%emt 00:00:34]} Kf8
{[%clk 00:00:03]} {[%emt 00:00:07]} 27. Be4 {[%emt 00:00:41]} Ke8 {[%emt
00:00:33]} 1-0